000 00649nam a2200265Ia 4500
005 20260121165655.0
008 008 260114s9999 xx 000 0 eng d
020 _a9783319506159
037 _aEBOOK
040 _aCRL
040 _beng
040 _cCRL
041 _2eng
041 _aeng
084 _qCRL
100 _aEli Nathans
_91054644
245 0 _aPeter von Zahn's Cold War Broadcasts to West Germany
260 _bSpringer
260 _bSpringer
260 _c2017
856 _uhttps://link.springer.com/openurl?genre=book&isbn=978-3-319-50615-9
942 _cEBOOK
999 _c1620371
_d1620371